000 00311nam a22001337a 4500
008 180302b xxu||||| |||| 00| 0 eng d
020 _a9780761919551
041 _aeng
080 _a37
100 _a25
101 _aedu
245 _ahandbook of children and the media
_csinger.d.g
942 _2udc
_cBK
999 _c43947
_d43947